Multimedia marketing for design firms / (Record no. 1190)

MARC details
000 -LEADER
fixed length control field 00738cam a2200181 a 4500
020 ## - INTERNATIONAL STANDARD BOOK NUMBER
ISBN 0471146099 (pbk. : alk. paper)
022 ## - INTERNATIONAL STANDARD SERIAL NUMBER
ISSN 9780471146094
050 00 - CALL NUMBER
Classification number NA1996.5
Item number .C48
100 1# - AUTHOR
Personal name Charles, Curtis B.
245 10 - TITLE
Title Multimedia marketing for design firms /
Statement of responsibility, etc Curtis B. Charles , Karen M. Brown.
260 ## - PUBLICATION INFORMATION
Place of publication New York :
Name of publisher John Wiley & Sons,
Year of publication c1996.
300 ## - DESCRIPTION
Number of Pages xv, 222 p. :
Other physical details ill. ;
Dimensions 23 cm. +
Accompanying material 1 computer laser optical disc (4 1/2 in.)
500 ## - NOTES
General note Includes index.
505 ## - FORMATTED CONTENTS NOTE
Table of Content Visualization tools --<br/>Desktop digital video --<br/>Online marketing --<br/>Multimedia --<br/>Delivery media --<br/>Multimedia marketing in action.
650 #0 - SUBJECTS
Topical Term Architectural services marketing
General subdivision Data processing.
700 1# - OTHER AUTHORS
Personal name Brown, Karen M.
942 ## - ADDED ENTRY ELEMENTS (KOHA)
Koha item type Books
Holdings
Withdrawn status Lost status Home library Current library Shelving location Date acquired Full call number Accession Number Koha item type Collection code
    Methodist University Library Main Methodist University Library Main General Stacks 24/12/1999 NA1996.5 .C48 13153 Books  
    Methodist University Library Main Methodist University Library Main General Stacks 24/12/1999 NA1996.5 .C48 13152 Books  
    Methodist University Library Main Methodist University Library Main General Stacks 24/12/1999 NA1996.5 .C48 13149 Books Reference
Copyright © 2026  MUG Library